|
|
|
|
| LEADER |
00000nas a2200000 a 4500 |
| 001 |
ssj0009473 |
| 003 |
WaSeSS |
| 005 |
20200512172242.0 |
| 006 |
m d |
| 007 |
cr n |
| 008 |
010105c19479999hiuqr pss 0 a0eng c |
| 010 |
|
|
|a 2001212000
|
| 016 |
7 |
|
|a 2053522 -3
|2 DE-600
|
| 022 |
|
|
|a 1534-6188
|l 0030-8870
|y 0030-8870
|
| 035 |
|
|
|a (WaSeSS)ssj0009473
|
| 037 |
|
|
|b Project Muse, The Johns Hopkins University Press, 2715 N. Charles Street, Baltimore, Maryland 21211
|
| 040 |
|
|
|a JHE
|b eng
|c JHE
|d NSD
|d OCLCQ
|d MUQ
|d OCLCQ
|d F#A
|d OCLCQ
|d OCLCS
|d BIK
|d UQ1
|d OCLCQ
|d OCLCO
|d OCLCF
|d OCLCA
|d VT2
|d OCLCQ
|d WT2
|d GILDS
|d OCLCO
|d OCLCQ
|d OCLCO
|d WYU
|d SFB
|d CNMTR
|d OCLCQ
|d OCLCO
|d WaSeSS
|
| 042 |
|
|
|a nsdp
|a pcc
|
| 050 |
|
4 |
|a QH1
|
| 082 |
1 |
0 |
|a 574
|2 13
|
| 130 |
0 |
|
|a Pacific science (Online)
|
| 210 |
0 |
|
|a Pac. sci.
|b (Online)
|
| 222 |
|
0 |
|a Pacific science
|b (Online)
|
| 245 |
1 |
0 |
|a Pacific science
|h [electronic resource].
|
| 260 |
|
|
|a Honolulu :
|b University of Hawai'i Press
|
| 362 |
1 |
|
|a Print began in 1947.
|
| 500 |
|
|
|a "A quarterly devoted to the biological and physical sciences of the Pacific region."
|
| 506 |
|
|
|a License restrictions may limit access.
|
| 538 |
|
|
|a Mode of access: World Wide Web.
|
| 550 |
|
|
|a "Official journal of the Pacific Science Association."
|
| 588 |
0 |
|
|a Vol. 55, no. 1 (Jan. 2001); title from title screen (viewed Jan. 5, 2001).
|
| 650 |
|
0 |
|a Science
|v Periodicals.
|
| 650 |
|
6 |
|a Sciences
|v Périodiques.
|
| 650 |
|
7 |
|a Science.
|2 fast
|0 (OCoLC)fst01108176
|
| 650 |
1 |
7 |
|a Sciences naturelles.
|2 rasuqam
|
| 655 |
|
0 |
|a Electronic journals.
|
| 710 |
2 |
|
|a Pacific Science Association.
|
| 776 |
1 |
|
|t Pacific science
|x 0030-8870
|w (OCoLC)1605384
|
| 856 |
4 |
0 |
|z Full text available from Research Library: 04/01/1998 to 1 year ago
|u https://search.proquest.com/publication/1145
|